000
00296 a2200157 4500
001
161213
020
_a
040
_c
Magnum
100
_a
-
240
1
0
_a
Robin hood
_l
ING
245
1
0
_a
Robin hood
362
0
_a
1899
440
1
_a
Ática
697
_a
LITERATURA ESTRANGEIRA
942
_c
BK
999
_c
161213
_d
161213